000 00431nam a22001817a 4500
003 OSt
005 20251003152844.0
008 251003b |||||||| |||| 00| 0 eng d
020 _a9789383370314
082 _a891.432
_bRAHV
100 _aRahi, Ashok
245 _aVishnu chankaya our ravan mil gaya
260 _aJaipur
_bLokayat prakashan
300 _a80p.
546 _aHindi
651 _aHindi Drama
942 _2ddc
_cBK
999 _c3870
_d3870